Catalog

Record Details

Catalog Search



Primární prevence sociálně patologických jevů v hlavním městě Praze : I. konference : sborník Cover Image Book Book

Primární prevence sociálně patologických jevů v hlavním městě Praze : I. konference : sborník

Record details

  • Physical Description: 127 stran : ilustrace
  • Publisher: Praha : hlavní město Praha, 2002

Available copies

  • 1 of 1 copy available at Common Catalog SPOK.

Holds

  • 0 current holds with 1 total copy.
Show Only Available Copies
Location Call Number / Copy Notes Barcode Shelving Location Status Due Date
Varianty Cho Pr 4605401400 Šafaříkova 17 - 5. patro, chodba Available -

LDR nam a22 i 4500
00151533
003CZ-PrJAB
00520221116100100.0
007ta
008 s2002 xr e 000 0 cze
040 . ‡aABH006 ‡bcze ‡erda
24500. ‡aPrimární prevence sociálně patologických jevů v hlavním městě Praze : ‡bI. konference : sborník
264 1. ‡a Praha : ‡bhlavní město Praha, ‡c2002
300 . ‡a127 stran : ‡bilustrace
336 . ‡atext ‡btxt ‡2rdacontent
338 . ‡asvazek ‡bnc ‡2rdacarrier
6530 . ‡aPraha ‡asociálně patologické jevy ‡aprevence ‡asborníky ‡akonference
910 . ‡aABH006
901 . ‡a51533 ‡bAUTOGEN ‡c51533 ‡tbiblio

Additional Resources